Apprenons les animaux avec Vladimir Poutine - Statistiques

Statistiques générales
  • Ce quiz a été pris 383 fois
  • Le résultat moyen est 12 sur 16
Statistiques - réponses
Par images Réponse % Correct
Cheval
100%
Chat
99%
Chien
99%
Koala
99%
Tigre
99%
Ours polaire
98%
Pieuvre
95%
Raie
95%
Léopard
90%
Poussin
88%
Morse
65%
Faucon
56%
Elan
52%
Truite
47%
Béluga
42%
Grue
10%
Aucun quiz correspondant
Distribution des résultats
% des personnes avec chaque résultat
Percentile par nombre de réponses
Votre historique - résultats
Vous n’avez pas pris ce quiz